Statistics for The Big Hero 6 Quiz

Click here to take the quiz!

General Stats

  • This quiz has been taken 13 times
  • The average score is 7 of 15

Answer Stats

QuestionAnswer% Correct
Baymax
80%
GoGo
80%
Members of Big Hero 6Hiro Hamada
80%
Honey Lemon
80%
Fred Fredricksen
70%
Wasabi
60%
Baymax's creatorTadashi Hamada
50%
His main weaponMicrobots
40%
City where the above liveSan Fransokyo
40%
His auntCas
30%
The villainRobert Callaghan
30%
CEO of that companyAlistair Krei
20%
Her cafeLucky Cat
20%
Leading technology companyKrei Tech
10%
University that they attendSan Fransokyo Institute of Technology (SFIT)
0%

Score Distribution

Percentile by Number Answered

Percent of People with Each Score

Your Score History

You have not taken this quiz